[Event "World Blitz 2023"]
[Site "Samarkand UZB"]
[Date "2023.12.30"]
[Round "21.13"]
[White "Pantsulaia, Levan"]
[Black "Mamedyarov, Shakhriyar"]
[Result "0-1"]
[WhiteElo "2579"]
[BlackElo "2716"]
[EventDate "2023.12.29"]

1. Nf3 Nf6 2. g3 g6 3. b3 Bg7 4. Bb2 d6 5. Bg2 e5 6. c4 O-O 7. d3 Re8 8.
O-O c6 9. Qc2 h6 10. Nc3 d5 11. Rac1 e4 12. dxe4 dxe4 13. Rfd1 Qe7 14. Nd4
h5 15. h4 Bg4 16. Qb1 Nbd7 17. Nc2 Bh6 18. Ne3 Bxe3 19. fxe3 Bf5 20. Rf1
Ng4 21. Nd1 Rad8 22. Qc2 f6 23. Qc3 Nde5 24. Nf2 Nxf2 25. Rxf2 Ng4 26. Rf4
Qe5 27. Qc2 Qc5 28. Bd4 Rxd4 29. exd4 Qxd4+ 30. Kh1 Rd8 31. c5 Qe3 32. Qc3
Rd1+ 33. Rf1 Rd3 34. Qc4+ Kg7 35. Bf3 Nf2+ 36. Rxf2 Qxf2 37. exd3 exf3 38.
Qc2 Qxg3 39. Qh2 Qxh2+ 40. Kxh2 Bxd3 41. Kg3 Be4 42. Re1 f5 43. Rd1 Bd5 44.
Re1 Kf6 45. Re8 f4+ 46. Kf2 Kf5 47. Re7 Kg4 48. Rg7 Be4 49. Re7 Bc2 50.
Rxb7 Kxh4 51. Rxa7 g5 52. Rf7 g4 53. Rxf4 Kg5 54. Rc4 Bd3 55. Rd4 Be2 56.
a4 h4 57. b4 g3+ 58. Ke3 h3 0-1

[Event "World Blitz 2023"]
[Site "Samarkand UZB"]
[Date "2023.12.30"]
[Round "21.14"]
[White "Hovhannisyan, Robert"]
[Black "Nihal, Sarin"]
[Result "1-0"]
[WhiteElo "2570"]
[BlackElo "2689"]
[EventDate "2023.12.29"]

1. e4 g6 2. d4 Bg7 3. Nf3 d6 4. Be3 Nc6 5. Nc3 Nf6 6. Qd2 a6 7. Be2 b5 8.
a3 O-O 9. O-O Bb7 10. Rad1 e5 11. dxe5 Nxe5 12. Nxe5 dxe5 13. Qxd8 Rfxd8
14. f3 Bf8 15. Rxd8 Rxd8 16. Rd1 Rxd1+ 17. Nxd1 Nd7 18. c4 b4 19. axb4 Bxb4
20. Nf2 Bc5 21. Bxc5 Nxc5 22. b4 Ne6 23. Ng4 Nd4 24. Kf2 Nc2 25. b5 a5 26.
Bd1 Na3 27. Bb3 a4 28. Bxa4 Nxc4 29. Bb3 Nd6 30. Nxe5 Kg7 31. Ba4 f5 32.
exf5 Nxf5 33. Bc2 Nd6 34. Bd3 Kf6 35. Nd7+ Ke7 36. Nc5 Bd5 37. Na4 Bf7 38.
Ke3 h6 39. f4 g5 40. fxg5 hxg5 41. Kd4 Be8 42. Nc3 Bd7 43. g3 Ke8 44. Ke5
Ke7 45. Nd5+ Kd8 46. b6 Bc6 47. bxc7+ Kd7 48. c8=Q+ Nxc8 49. Bf5+ 1-0

[Event "World Blitz 2023"]
[Site "Samarkand UZB"]
[Date "2023.12.30"]
[Round "21.15"]
[White "Guseinov, Gadir"]
[Black "Svidler, Peter"]
[Result "0-1"]
[WhiteElo "2563"]
[BlackElo "2689"]
[EventDate "2023.12.29"]

1. e4 c5 2. Nc3 d6 3. Bb5+ Nc6 4. Bxc6+ bxc6 5. f4 g6 6. Nf3 Bg7 7. O-O Nh6
8. d3 f5 9. e5 Nf7 10. Qe2 O-O 11. Kh1 Rb8 12. b3 Qc7 13. Re1 Nd8 14. Bb2
Ne6 15. Qd2 Nd4 16. Qf2 Nxf3 17. Qxf3 dxe5 18. fxe5 Be6 19. Na4 f4 20. c4
g5 21. Nxc5 Bf5 22. d4 Rbd8 23. Rad1 Qc8 24. Rd2 Bg4 25. Qe4 f3 26. Kg1
fxg2 27. Qxg2 Rf4 28. Rf2 Bh3 29. Qg3 Rg4 30. e6 Rxg3+ 31. hxg3 Qc7 32. Kh2
Bg4 33. Ne4 h6 34. Ref1 Bxe6 35. Nc5 Qc8 36. Re1 Bg4 37. Rxe7 Rf8 38. Rd2
Rf1 39. d5 Bxb2 40. d6 0-1

[Event "World Blitz 2023"]
[Site "Samarkand UZB"]
[Date "2023.12.30"]
[Round "21.17"]
[White "Tomashevsky, Evgeny"]
[Black "Kuzubov, Yuriy"]
[Result "1-0"]
[WhiteElo "2663"]
[BlackElo "2487"]
[EventDate "2023.12.29"]

1. e4 e6 2. d4 d5 3. Nd2 Nc6 4. Ngf3 Nf6 5. e5 Nd7 6. Bb5 Be7 7. O-O a6 8.
Bd3 Nb4 9. Be2 c5 10. c3 Nc6 11. Re1 g5 12. dxc5 g4 13. Nd4 h5 14. b4 Ndxe5
15. N2b3 Bf6 16. Bf4 O-O 17. Nxc6 bxc6 18. Nd4 Bd7 19. Bxe5 Bxe5 20. Bxg4
Qc7 21. Bxh5 Bxh2+ 22. Kh1 Be5 23. Re3 Bg7 24. Qg4 f5 25. Qg5 f4 26. Rxe6
Bxe6 27. Nxe6 Qd7 28. Nxf8 Rxf8 29. Re1 Qf5 30. Qxf5 Rxf5 31. Bg4 Re5 32.
Rxe5 Bxe5 33. Bd7 Bxc3 34. Bxc6 Bxb4 35. Bxd5+ Kf8 36. c6 Ke7 37. Kh2 Bc5
38. g3 fxg3+ 39. fxg3 Kd6 40. Bf3 Bb6 41. Kh3 Ke5 42. Kg4 Kf6 43. Kh5 Bc7
44. g4 a5 45. a4 Bf4 46. g5+ Ke7 47. Kg4 Bd2 48. Kf5 Be3 49. Bg4 Bd2 50.
Be2 Bc1 51. Ba6 Kd6 52. Bb7 Bb2 53. Kg6 Bc1 54. Kf6 Bb2+ 55. Kf7 Kd5 1-0

[Event "World Blitz 2023"]
[Site "Samarkand UZB"]
[Date "2023.12.30"]
[Round "21.19"]
[White "Tsydypov, Zhamsaran"]
[Black "Tabatabaei, M. Amin"]
[Result "1-0"]
[WhiteElo "2626"]
[BlackElo "2573"]
[EventDate "2023.12.29"]

1. e4 c6 2. d4 d5 3. exd5 cxd5 4. Nf3 Nc6 5. Ne5 e6 6. Bb5 Qa5+ 7. Nc3 Qc7
8. Ba4 a6 9. O-O Bd6 10. Re1 Ne7 11. h3 O-O 12. Bxc6 Nxc6 13. Nxc6 Qxc6 14.
Ne2 b5 15. Bf4 Be7 16. c3 b4 17. Rc1 Qb6 18. Qd2 Bd7 19. Be5 Rfc8 20. cxb4
Qxb4 21. Nc3 f6 22. Bg3 Bf8 23. Re2 a5 24. Kh2 a4 25. a3 Qb6 26. Ree1 Rc4
27. Ne2 Rac8 28. Rxc4 Rxc4 29. Rc1 Rxc1 30. Qxc1 Qc6 31. Nc3 Qc4 32. Qd2
Kf7 33. Nd1 Be7 34. Ne3 Qb5 35. Qc3 Qb7 36. Qc2 Kg8 37. Qc3 Be8 38. Nc2 Qc6
39. Qd2 h5 40. Ne3 Bf8 41. h4 Be7 42. Qe2 Qb5 43. Qc2 Qc6 44. Qe2 Bg6 45.
Qd2 Be4 46. Qe2 Bg6 47. Qd2 Qb5 48. Qc3 Be8 49. Qc7 Qd7 50. Qc3 Qc6 51. Qd2
Kf8 52. Qe2 Bd8 53. Qd2 Qb5 54. Qc2 Bb6 55. Qc3 Qc6 56. Qd2 Kg8 57. Qb4 Qb5
58. Qc3 Qc6 59. Qb4 Qb5 60. Qc3 Ba5 61. Qc2 Qc6 62. Qe2 Bd8 63. Qd2 Be7 64.
Qe2 Qc1 65. Qa6 Qc6 66. Qa5 Bf8 67. Qd2 Bg6 68. Qe2 Qb6 69. Qd2 Kh7 70. Qc3
Be8 71. Qd2 Kg8 72. Qc3 Qb5 73. Qd2 Be7 74. Qc2 Kf8 75. Qd2 Qb3 76. Qe2 Qb7
77. Nd1 Qc6 78. Ne3 Kg8 79. Qd2 Bf8 80. Qe2 Bf7 81. Qd2 Qb5 82. Qc3 Qb7 83.
Qc2 Be7 84. Qc3 Bd8 85. Nc2 Be8 86. Nb4 Be7 87. Nd3 Qc6 88. Qd2 Qb5 89. Nf4
Bf7 90. Qc3 Qc4 91. Qe3 Qc6 92. Qe2 g6 93. Qd3 Kg7 94. Qe2 Qb6 95. Qd2 Bd6
96. Ne2 e5 97. Qc3 Qc7 98. Qd2 Qc6 99. Qe3 Qc7 100. Qd2 Qd7 101. Nc3 e4
102. Ne2 Bxg3+ 103. Nxg3 Qd6 104. Kg1 Qc6 105. Nf1 Qc7 106. Ne3 Qf4 107.
Qb4 Qxh4 108. Qxa4 Qg5 109. Qd7 h4 110. a4 f5 111. Qc7 f4 112. Nf1 f3 113.
Ne3 fxg2 114. a5 h3 115. a6 Qh5 116. Qe5+ Qxe5 117. dxe5 d4 118. a7 dxe3
119. a8=Q exf2+ 120. Kxf2 e3+ 121. Kg1 e2 122. Qa5 Bd5 123. Qc3 g5 124. b4
g4 125. b5 Kf7 126. b6 Ke6 127. Qe3 Bc6 128. Qxe2 Bf3 129. Qe3 Bd5 130. Qf4
Bf3 131. Qf6+ Kd5 132. b7 1-0

[Event "World Blitz 2023"]
[Site "Samarkand UZB"]
[Date "2023.12.30"]
[Round "21.20"]
[White "Narayanan, S L"]
[Black "Vokhidov, Shamsiddin"]
[Result "1/2-1/2"]
[WhiteElo "2564"]
[BlackElo "2588"]
[EventDate "2023.12.29"]

1. d4 Nf6 2. c4 e6 3. Nf3 d5 4. Nc3 Bb4 5. e3 O-O 6. a3 Bxc3+ 7. bxc3 c5 8.
a4 Qa5 9. Qc2 cxd4 10. exd4 Nc6 11. cxd5 exd5 12. Bd3 Re8+ 13. Be3 Bg4 14.
Ne5 Nxe5 15. dxe5 Rxe5 16. O-O Rh5 17. f3 Bd7 18. Bd4 Qd8 19. a5 Ne8 20.
Qf2 Nc7 21. Rfe1 Bb5 22. Bc2 Ne6 23. Bxa7 Rc8 24. Bd4 Qc7 25. g4 Nxd4 26.
cxd4 Rh6 27. Bf5 Rd8 28. Qd2 Rc6 29. Rac1 g6 30. Rxc6 Qxc6 31. Bb1 Rc8 32.
Ba2 Bc4 33. Bxc4 dxc4 34. Qc3 Qd6 35. Re5 h6 36. Kg2 Qd7 37. h4 Qd6 38. h5
g5 39. Re4 Qf6 40. Re5 Qd6 41. Re4 Qd7 42. Re5 Qd6 43. Re4 Qf6 44. Re5 Qf4
45. Re4 Qd6 46. Re5 Qd7 47. Re4 Qd6 48. Re5 1/2-1/2

[Event "World Blitz 2023"]
[Site "Samarkand UZB"]
[Date "2023.12.30"]
[Round "21.22"]
[White "Dreev, Aleksey"]
[Black "Giri, Anish"]
[Result "0-1"]
[WhiteElo "2599"]
[BlackElo "2731"]
[EventDate "2023.12.29"]

1. d4 Nf6 2. c4 g6 3. Nf3 Bg7 4. g3 O-O 5. Bg2 d6 6. O-O Nbd7 7. Nc3 e5 8.
Qc2 exd4 9. Nxd4 Nb6 10. Rd1 Nxc4 11. Ncb5 a6 12. Qxc4 axb5 13. Nxb5 Ne8
14. e4 Bg4 15. Re1 Qd7 16. Nc3 Nf6 17. Bf4 Be6 18. Qb4 Ng4 19. Nd5 c5 20.
Qd2 Bxd5 21. Qxd5 Bxb2 22. Rab1 Bd4 23. Re2 Qa4 24. Bxd6 Rfd8 25. Rxb7 Ne5
26. Rd2 Qa6 27. Rxf7 Rxd6 28. Ra7+ Rxd5 29. Rxa6 Rxa6 30. exd5 Ng4 31. Kf1
Nxh2+ 32. Ke2 Ng4 33. Bh3 Nxf2 34. Be6+ Kf8 35. a4 Ne4 36. Rc2 Rxa4 37. Kf3
Nd6 38. Rc1 h5 39. Rb1 Rb4 40. Rf1 Ke7 41. Kg2 Rb2+ 42. Kh3 Rf2 43. Re1 Kf6
44. Bd7 Be5 45. Rb1 Rf3 46. Kg2 Rxg3+ 47. Kh1 Rd3 48. Rf1+ Kg5 49. Rg1+ Kh6
50. Re1 Bg3 0-1

[Event "World Blitz 2023"]
[Site "Samarkand UZB"]
[Date "2023.12.30"]
[Round "21.23"]
[White "Abdusattorov, Nodirbek"]
[Black "Petrosian, Tigran L."]
[Result "0-1"]
[WhiteElo "2694"]
[BlackElo "2610"]
[EventDate "2023.12.29"]

1. e4 g6 2. d4 Bg7 3. Nf3 d6 4. Bc4 Nf6 5. Qe2 O-O 6. O-O c6 7. e5 Nd5 8.
h3 b5 9. Bxd5 cxd5 10. Bg5 dxe5 11. dxe5 b4 12. Rd1 Ba6 13. Qe3 Nc6 14. Bh6
d4 15. Qf4 Be2 16. Bxg7 Kxg7 17. Re1 Bxf3 18. Qxf3 Rc8 19. Nd2 Na5 20. Qd3
Qd5 21. Re4 Rfd8 22. a3 Nc4 23. Nf3 Nxb2 24. Qxd4 Qxd4 25. Rxd4 Rxd4 26.
Nxd4 Rc4 27. Nf3 a5 28. axb4 axb4 29. Ra7 Rxc2 30. Rxe7 Kf8 31. Rb7 Nd3 32.
Ng5 Nxe5 33. Nxh7+ Kg7 34. Ng5 Rc4 35. f4 Nd3 36. g3 Nc5 37. Rxf7+ Kg8 38.
Rf6 b3 39. Rxg6+ Kh8 40. Rh6+ Kg7 41. Rb6 Rc2 42. Ne6+ Nxe6 43. Rxb3 Nd4
44. Rd3 Nf5 45. g4 Nh4 46. Kf1 Kf6 47. Re3 Ra2 48. f5 Kg5 49. Re8 Nf3 50.
f6 Kf4 51. Re2 Ra6 52. f7 Rf6 53. Kg2 Nh4+ 54. Kh2 Nf3+ 55. Kg2 Nh4+ 56.
Kg1 Kg3 57. Re7 Rf2 58. f8=Q Rxf8 59. Re3+ Nf3+ 60. Kf1 Rd8 0-1

[Event "World Blitz 2023"]
[Site "Samarkand UZB"]
[Date "2023.12.30"]
[Round "21.24"]
[White "Salem, A.R. Saleh"]
[Black "Idani, Pouya"]
[Result "1-0"]
[WhiteElo "2668"]
[BlackElo "2574"]
[EventDate "2023.12.29"]

1. d4 d5 2. c4 e6 3. Nf3 h6 4. g3 Nf6 5. Bg2 Bd6 6. O-O O-O 7. Qc2 Nc6 8.
Rd1 a5 9. a3 Ne4 10. Nc3 Nxc3 11. bxc3 dxc4 12. Nd2 e5 13. Nxc4 exd4 14.
cxd4 Ra6 15. Rb1 a4 16. h3 f5 17. e3 Kh8 18. Bb2 Qe8 19. Nxd6 cxd6 20. Bc3
Ne7 21. d5 Ng6 22. Kh2 Ne5 23. f4 Nd7 24. Bd4 Nf6 25. Rb4 b5 26. Rc1 Bd7
27. Qb2 Rf7 28. Rc7 Kh7 29. Qc2 Ne4 30. Rb1 Ra8 31. Rc1 b4 32. axb4 a3 33.
Ra1 Ba4 34. Qc1 Rxc7 35. Qxc7 Bb5 36. Qxg7# 1-0

[Event "World Blitz 2023"]
[Site "Samarkand UZB"]
[Date "2023.12.30"]
[Round "21.1"]
[White "Makhnev, Denis"]
[Black "Iturrizaga Bonelli, Eduardo"]
[Result "1-0"]
[WhiteElo "2528"]
[BlackElo "2645"]
[EventDate "2023.12.29"]

1. d4 Nf6 2. c4 e6 3. Nc3 Bb4 4. e3 O-O 5. Bd3 d5 6. a3 Bxc3+ 7. bxc3 c5 8.
cxd5 Qxd5 9. Nf3 b6 10. Qe2 Bb7 11. O-O Nbd7 12. Re1 Ne4 13. Bb2 Rac8 14.
c4 Qc6 15. Rad1 Ndf6 16. Ne5 Qc7 17. Ng4 Nd7 18. d5 exd5 19. cxd5 Rce8 20.
f3 Nd6 21. Qf2 f5 22. Nh6+ Kh8 23. Qg3 Re7 24. Nxf5 Rxf5 25. Bxf5 Nf8 26.
e4 c4 27. Be5 Qc5+ 28. Bd4 Qc7 29. Bh3 Re8 30. e5 Nb5 31. d6 Qf7 32. e6
Nxe6 33. Bxe6 Qf8 34. d7 Rd8 35. Bxc4 Nxd4 36. Rxd4 Bc6 37. Qd6 1-0

[Event "World Blitz 2023"]
[Site "Samarkand UZB"]
[Date "2023.12.30"]
[Round "21.2"]
[White "Matlakov, Maxim"]
[Black "Sychev, Klementy"]
[Result "0-1"]
[WhiteElo "2638"]
[BlackElo "2583"]
[EventDate "2023.12.29"]

1. d4 d5 2. c4 dxc4 3. Nf3 Nf6 4. e3 e6 5. Bxc4 a6 6. O-O Nbd7 7. Re1 b5 8.
Bd3 Bb7 9. a4 bxa4 10. Qxa4 Be7 11. Ne5 Qc8 12. Nc6 Bd6 13. Na5 Be4 14.
Bxe4 Nxe4 15. Qc6 Nf6 16. e4 O-O 17. Nc3 e5 18. d5 Nc5 19. Bg5 Nfd7 20. Nc4
Nb3 21. Ra2 Bc5 22. Qa4 Nd4 23. Qd1 f5 24. exf5 Nxf5 25. Ne4 Bd4 26. Ra3
Qb7 27. Ra5 Nd6 28. Ncxd6 cxd6 29. Be7 Rf4 30. Bg5 Rff8 31. Be3 Bxe3 32.
Rxe3 Qxb2 33. Re2 Qb6 34. Rea2 Rf4 35. R5a4 a5 36. g3 Rf7 37. Qg4 Nc5 38.
Nxc5 Qxc5 39. Qe6 Qb5 40. h4 Re8 41. Qxd6 e4 42. Qc6 Qb1+ 43. Kg2 Ref8 44.
Qe6 e3 45. Qxe3 Qb5 46. Qe6 Kh8 47. Re4 h6 48. d6 Qc6 49. Kg1 Rf6 50. Qe7
R6f7 51. Qe5 Rf5 52. Qd4 Rd5 53. Qe3 Rd1+ 54. Kh2 Rxd6 55. Rf4 Rxf4 56.
Qxf4 Rd1 57. Qf8+ Kh7 58. Qf5+ Kg8 59. f3 Rd5 60. Qe4 Qd7 61. Qc4 Kh8 62.
Qc2 Qe6 63. Kg2 Re5 64. Rb2 Qe8 65. Qd3 a4 66. Ra2 Ra5 67. g4 Qa8 68. Ra3
Qa7 69. h5 Qc7 70. Rc3 Qb7 71. Qc2 Ra8 72. Rc7 Qb4 73. Qg6 Qb2+ 74. Kh3 a3
75. Qc6 Rf8 76. Rc8 Qb4 77. Qa8 Rxc8 78. Qxc8+ Kh7 79. Qf5+ Kg8 80. Qe6+
Kf8 81. Qf5+ Ke7 82. Qe5+ Kf7 83. Qf5+ Ke8 84. Qe6+ Qe7 85. Qc8+ Kf7 86.
Qc4+ Kf8 87. Qc8+ Kf7 88. Qc4+ Kf6 89. Qf4+ Ke6 90. Qc4+ Kd6 91. Qb4+ Kd7
92. Qb7+ Ke8 93. Qc8+ Kf7 94. Qf5+ Qf6 95. Qd5+ Qe6 96. Qb7+ Kf6 97. Qa8 a2
98. Qf8+ Qf7 99. Qd6+ Qe6 100. Qf8+ Ke5 101. Qxg7+ Kf4 102. Qf8+ Ke3 103.
Qa3+ Kd2 104. Qb4+ Kc2 105. Qc5+ Kb3 106. Qb5+ Kc3 107. Qa5+ Kd3 108. Qa3+
Ke2 109. Qb2+ Kxf3 110. Qa3+ Kf2 111. Qb2+ Qe2 112. Qa1 Qf3+ 0-1

[Event "World Blitz 2023"]
[Site "Samarkand UZB"]
[Date "2023.12.30"]
[Round "21.3"]
[White "Nogerbek, Kazybek"]
[Black "Niemann, Hans Moke"]
[Result "0-1"]
[WhiteElo "2488"]
[BlackElo "2614"]
[EventDate "2023.12.29"]

1. d4 Nf6 2. c4 e6 3. Nf3 d5 4. Nc3 Nbd7 5. cxd5 exd5 6. Bg5 Bb4 7. Nd2 c6
8. e3 O-O 9. Bd3 Re8 10. O-O Nf8 11. Qc2 Ng6 12. Rae1 h6 13. Bxf6 Qxf6 14.
f4 Ne7 15. Nf3 Bf5 16. Ne5 Bxd3 17. Qxd3 Qf5 18. Qd1 f6 19. Nd3 Bxc3 20.
bxc3 Nc8 21. g4 Qg6 22. f5 Qg5 23. Nf4 Nd6 24. Ne6 Rxe6 25. fxe6 Re8 26.
Qf3 Rxe6 27. Kh1 Re4 28. Rg1 Nc4 29. Qf5 Qxf5 30. gxf5 Nxe3 31. a4 Nxf5 32.
Rb1 Nd6 33. Rg3 b6 34. Kg1 Kf7 35. Rf1 g5 36. a5 bxa5 37. Rgf3 f5 38. Ra1
f4 39. Rxa5 Re7 40. Ra6 Rc7 41. Rf1 Nb5 42. Rc1 Ke6 43. Kf2 g4 44. Ke2 h5
45. Kd3 Nd6 46. Re1+ Kf6 47. Re5 h4 48. Ra1 Ne4 49. c4 Ng5 50. cxd5 g3 51.
hxg3 hxg3 52. Rf1 f3 53. d6 Rd7 54. Ke3 Rxd6 55. Kf4 g2 56. Rf5+ Ke7 57.
Ra1 f2 58. Rxa7+ Rd7 59. Re5+ Ne6+ 60. Kf5 f1=Q+ 0-1

[Event "World Blitz 2023"]
[Site "Samarkand UZB"]
[Date "2023.12.30"]
[Round "21.4"]
[White "Shimanov, Aleksandr"]
[Black "Yakubboev, Nodirbek"]
[Result "0-1"]
[WhiteElo "2611"]
[BlackElo "2582"]
[EventDate "2023.12.29"]

1. d4 Nf6 2. Bg5 g6 3. Bxf6 exf6 4. c4 d5 5. cxd5 Qxd5 6. Nc3 Qd8 7. e3 Bd6
8. g3 f5 9. Bg2 c6 10. Nf3 Nd7 11. O-O Nf6 12. Rb1 Qe7 13. a3 O-O 14. Nd2
Be6 15. Qe2 a5 16. Nc4 Bxc4 17. Qxc4 h5 18. b4 axb4 19. axb4 Rfc8 20. Qb3
h4 21. b5 hxg3 22. hxg3 Bxg3 23. bxc6 bxc6 24. Qb7 Bc7 25. Qb4 Qd8 26. Ra1
Rab8 27. Qc4 Ng4 28. Rfb1 Qh4 29. Qe2 Rxb1+ 30. Rxb1 f4 31. Ne4 Kg7 32.
exf4 Bxf4 33. Qf3 Bh2+ 34. Kf1 Bc7 35. Kg1 Ra8 36. Qc3 Re8 37. d5+ Be5 38.
Qxc6 Bh2+ 39. Kf1 Rxe4 40. Qc2 Rf4 41. Qc3+ Kh7 0-1

[Event "World Blitz 2023"]
[Site "Samarkand UZB"]
[Date "2023.12.30"]
[Round "21.5"]
[White "Predke, Alexandr"]
[Black "Sadhwani, Raunak"]
[Result "1/2-1/2"]
[WhiteElo "2594"]
[BlackElo "2668"]
[EventDate "2023.12.29"]

1. d4 Nf6 2. c4 g6 3. Nc3 Bg7 4. e4 d6 5. Nf3 O-O 6. Be3 Ng4 7. Bg5 h6 8.
Bh4 Nc6 9. Be2 g5 10. Bg3 Nf6 11. d5 Nb8 12. h4 g4 13. Nh2 h5 14. Nf1 e6
15. Bf4 exd5 16. exd5 Re8 17. Ne3 Ne4 18. Rc1 Qf6 19. g3 Nxc3 20. Rxc3 Bf5
21. O-O Be4 22. Bd3 Qg6 23. Bxe4 Rxe4 24. Rb3 b6 25. Ng2 Nd7 26. Re3 Rxc4
27. Re7 Ne5 28. Bxe5 Bxe5 29. Ne3 Re4 30. Qc2 Rf8 31. b3 f5 32. Qxc7 f4 33.
Re6 Rf6 34. Qd8+ Kg7 35. Qd7+ Qf7 36. Re7 fxe3 37. Rxf7+ Rxf7 38. Qd8 exf2+
39. Kg2 Bf6 40. Qxd6 Re2 41. Qf4 Bd8 42. Qd4+ Kg8 43. d6 Rxa2 44. Qd5 Ra5
45. Qe6 Rf5 46. d7 Kg7 47. Qe8 Rf8 48. Qe6 a5 49. Qc6 b5 50. Qc3+ Kg8 51.
Qd4 Kh7 52. Qe4 Kg7 53. Qd4+ Kg8 54. Qe4 Kg7 55. Qd4+ Kg6 56. Qe4 Kh6 57.
Qe6+ Kg7 58. Qe4 R8f7 59. Qd4+ Kg8 60. Qe4 Kg7 61. Qd4+ 1/2-1/2

[Event "World Blitz 2023"]
[Site "Samarkand UZB"]
[Date "2023.12.30"]
[Round "21.6"]
[White "Sindarov, Javokhir"]
[Black "Van Foreest, Jorden"]
[Result "1-0"]
[WhiteElo "2607"]
[BlackElo "2664"]
[EventDate "2023.12.29"]

1. e4 g6 2. d4 d6 3. Nc3 Bg7 4. f4 a6 5. Nf3 Nd7 6. Be3 b5 7. Bd3 Bb7 8. a4
b4 9. Ne2 Ngf6 10. Ng3 O-O 11. O-O c5 12. c3 Rc8 13. Kh1 a5 14. Qe2 e6 15.
Bd2 Qe7 16. e5 Ng4 17. Ne4 Bxe4 18. Bxe4 Nh6 19. Qa6 d5 20. Bb1 c4 21. Qxa5
b3 22. Qb4 Qd8 23. a5 Ra8 24. h3 Qc7 25. g4 Rfb8 26. Qd6 Qd8 27. f5 Bf8 28.
Qc6 Rc8 29. Qa4 exf5 30. gxf5 Nxf5 31. Bxf5 gxf5 32. Qb5 Qe7 33. Qxd5 Kh8
34. Ng5 h6 35. Nxf7+ Kh7 36. Rxf5 Qh4 37. Rf3 Nb6 38. Qb7 Rab8 39. Ng5+ 1-0

[Event "World Blitz 2023"]
[Site "Samarkand UZB"]
[Date "2023.12.30"]
[Round "21.7"]
[White "Smirnov, Anton"]
[Black "Bai, Jinshi"]
[Result "1/2-1/2"]
[WhiteElo "2647"]
[BlackElo "2516"]
[EventDate "2023.12.29"]

1. e4 c5 2. Nf3 e6 3. d4 cxd4 4. Nxd4 a6 5. c4 Nf6 6. Nc3 Bb4 7. Qd3 d6 8.
Nc2 Bxc3+ 9. Qxc3 O-O 10. Bg5 e5 11. f3 Be6 12. Qd2 h6 13. Be3 b5 14. cxb5
d5 15. exd5 Nxd5 16. Bc5 Re8 17. bxa6 Nxa6 18. Bxa6 Rxa6 19. O-O Qa8 20. a3
Rc8 21. b4 Nf4 22. Qe3 Bc4 23. Rf2 Nd3 24. Rd2 Nxc5 25. bxc5 Ra5 26. Qxe5
Raxc5 27. Rd8+ Rxd8 28. Qxc5 Qa4 29. Ne3 Be6 30. h3 Rd3 31. Ng4 Rd2 32. Nf2
Rc2 33. Qe3 Qa5 34. Ne4 Qe5 35. Re1 Ra2 36. Re2 Ra1+ 37. Re1 Ra2 38. Re2
Ra1+ 39. Kf2 Qh2 40. Re1 Ra2+ 41. Re2 Ra1 42. Re1 Ra2+ 43. Re2 1/2-1/2

[Event "World Blitz 2023"]
[Site "Samarkand UZB"]
[Date "2023.12.30"]
[Round "21.8"]
[White "Vidit, Santosh Gujrathi"]
[Black "Adhiban, B."]
[Result "1/2-1/2"]
[WhiteElo "2642"]
[BlackElo "2576"]
[EventDate "2023.12.29"]

1. Nf3 c5 2. c4 g6 3. d4 cxd4 4. Nxd4 Nc6 5. e4 Nf6 6. Nc3 Nxd4 7. Qxd4 d6
8. Be3 Bg7 9. f3 O-O 10. Qd2 a6 11. Be2 Be6 12. Rc1 Qc7 13. b3 Rfc8 14. O-O
Qa5 15. Na4 Qxd2 16. Bxd2 Nd7 17. Be3 Rab8 18. Ba7 Ra8 19. Be3 Rab8 20. Nb6
Nxb6 21. Bxb6 Bh6 22. Rcd1 Rc6 23. Ba7 Ra8 24. Bd4 a5 25. a4 Bg7 26. Be3
Bc3 27. f4 Bb4 28. f5 Bd7 29. fxg6 hxg6 30. e5 Be6 31. exd6 Rxd6 32. Rxd6
exd6 33. Bf3 Bc5 34. Kf2 Ra6 35. Rd1 Rb6 36. Rd3 Bf5 37. Bxc5 dxc5 38. Rd5
Rxb3 39. Rxc5 b6 40. Rc7 Rb4 41. Bd5 Be6 42. Bxe6 fxe6 43. c5 bxc5 44. Rxc5
Rxa4 45. Rc7 Rb4 46. Ra7 a4 47. Kf3 g5 48. h3 Kf8 49. Ke3 Ke8 50. Ra5 g4
51. h4 g3 52. h5 Kf7 53. Ra7+ Kg8 54. Kf3 Rh4 55. Kxg3 Rxh5 56. Rxa4 Kf7
57. Kf3 Rf5+ 58. Rf4 Rxf4+ 59. Kxf4 Kf6 60. g4 e5+ 61. Ke4 Kg5 62. Kxe5
Kxg4 63. Ke4 1/2-1/2

[Event "World Blitz 2023"]
[Site "Samarkand UZB"]
[Date "2023.12.30"]
[Round "21.9"]
[White "Bharath, Subramaniyam H"]
[Black "Sanal, Vahap"]
[Result "1-0"]
[WhiteElo "2435"]
[BlackElo "2637"]
[EventDate "2023.12.29"]

1. e4 d6 2. d4 Nf6 3. Nc3 e5 4. Nf3 Nbd7 5. Bc4 Be7 6. O-O O-O 7. h3 c6 8.
a4 h6 9. b3 Re8 10. Re1 exd4 11. Qxd4 Nf8 12. Ba3 Be6 13. Rad1 Qa5 14. Bf1
Ng6 15. Bb4 Qh5 16. Qe3 Rad8 17. Be2 a5 18. Ba3 Nh4 19. Qf4 Nxf3+ 20. Bxf3
Qg6 21. Kh1 Qg5 22. Bc1 Qc5 23. Qe3 Nd7 24. Qxc5 Nxc5 25. Be3 Bf6 26. Bd4
Be5 27. Kg1 g5 28. Kf1 f6 29. Rd2 Bf7 30. Red1 Ra8 31. Bxe5 dxe5 32. Ne2
Ne6 33. Ng3 Nd4 34. Bg4 b5 35. Nf5 Nxf5 36. Bxf5 bxa4 37. bxa4 Re7 38. Rd6
Kg7 39. Rxc6 Rb8 40. Rc5 Rb4 41. Rxa5 Rc4 42. Rd2 Rec7 43. Ra8 Rxc2 44.
Rxc2 Rxc2 45. a5 Rc1+ 46. Ke2 Ra1 47. a6 Bc4+ 48. Kd2 Rxa6 49. Rc8 Ra2+ 50.
Ke1 Ra1+ 51. Kd2 Ra2+ 52. Kd1 Bf1 53. Rc7+ Kf8 54. Rc8+ Ke7 55. Rc7+ Kd6
56. Rf7 Bxg2 57. Rxf6+ Kc5 58. Ke1 h5 59. Rg6 g4 60. h4 Bf3 61. Rg8 Re2+
62. Kf1 Rd2 63. Rc8+ Kb4 64. Rc1 Kb3 65. Bg6 Kb2 66. Re1 Kc3 67. Bxh5 Kd4
68. Bg6 Rb2 69. h5 Rb6 70. Kg1 Kd3 71. Kh2 Kd2 72. Ra1 Rf6 73. Kg3 Be2 74.
Bf5 Rh6 75. Bxg4 Bd3 76. f3 Rf6 77. Kh4 Ke3 78. Kg5 Rf8 79. h6 Rg8+ 80. Kf6
Rb8 81. h7 1-0

[Event "World Blitz 2023"]
[Site "Samarkand UZB"]
[Date "2023.12.30"]
[Round "21.10"]
[White "Mamedov, Rauf"]
[Black "Uskov, Artem"]
[Result "1-0"]
[WhiteElo "2635"]
[BlackElo "2328"]
[EventDate "2023.12.29"]

1. e4 c5 2. Nf3 e6 3. c3 Nf6 4. e5 Nd5 5. a3 Nc6 6. d4 cxd4 7. cxd4 d6 8.
Bd3 Be7 9. O-O O-O 10. Qc2 h6 11. Qe2 Qe8 12. Nc3 Nxc3 13. bxc3 dxe5 14.
dxe5 f5 15. exf6 Bxf6 16. Qe4 Qh5 17. a4 Ne7 18. Ba3 Qf5 19. Qe2 Qd5 20.
Rab1 a6 21. Rfd1 Qc6 22. Nd4 Qxa4 23. Bxe7 Bxe7 24. Nxe6 Rf6 25. Nc7 Bc5
26. Kh1 Rb8 27. Nxa6 Ra8 28. Nxc5 Qc6 29. Ne4 Rg6 30. f3 Bf5 31. Ng3 Bxd3
1-0

[Event "World Blitz 2023"]
[Site "Samarkand UZB"]
[Date "2023.12.30"]
[Round "21.11"]
[White "Karthik, Venkataraman"]
[Black "Riazantsev, Alexander"]
[Result "0-1"]
[WhiteElo "2440"]
[BlackElo "2621"]
[EventDate "2023.12.29"]

1. Nf3 Nf6 2. c4 g6 3. Nc3 Bg7 4. e4 d6 5. d4 O-O 6. Be2 Re8 7. Bg5 h6 8.
Be3 Nc6 9. h3 e5 10. d5 Nd4 11. Nxd4 exd4 12. Bxd4 Nxe4 13. Bxg7 Kxg7 14.
Qd4+ Qf6 15. Qxf6+ Nxf6 16. Kd2 Bd7 17. Bd3 a5 18. Rhe1 g5 19. b3 Nh5 20.
Ne2 Re5 21. Rf1 Rae8 22. f4 Re3 23. fxg5 hxg5 24. Rac1 b6 25. Rf2 f5 26.
Nd4 Ng3 27. Rc3 f4 28. a3 Kf6 29. Nf3 Bf5 30. Bxf5 Kxf5 31. Nd4+ Kg6 32.
Rf3 Ne4+ 0-1